|
|
|
|
| LEADER |
00000nam a2200000Ii 4500 |
| 001 |
DIGEDUNAV0001 |
| 003 |
NyNyDIG |
| 006 |
m o d |
| 007 |
cr ||||||||||| |
| 008 |
220608s2015 sp ob 000 0 spa d |
| 035 |
|
|
|a (OCoLC)1333701435
|
| 040 |
|
|
|a DGITA
|b eng
|e rda
|e pn
|c DGITA
|
| 020 |
|
|
|z 9788431330972
|
| 041 |
0 |
|
|a lat
|a spa
|
| 050 |
1 |
4 |
|a KBU2212 ebook
|
| 100 |
1 |
|
|a Bañales Leoz, Jesús María,
|e author.
|
| 245 |
1 |
3 |
|a La lengua latina del código de derecho canónico :
|b (estudio sintáctico) /
|c Jesús María Bañales Leoz.
|
| 264 |
|
1 |
|a Pamplona, España :
|b EUNSA, Ediciones Universidad de Navarra,
|c [2015]
|
| 300 |
|
|
|a 1 online resource.
|
| 336 |
|
|
|a text
|b txt
|2 rdacontent
|
| 337 |
|
|
|a computer
|b c
|2 rdamedia
|
| 338 |
|
|
|a online resource
|b cr
|2 rdacarrier
|
| 347 |
|
|
|a text file
|2 rdaft
|
| 347 |
|
|
|b PDF
|
| 504 |
|
|
|a Includes bibliographical references.
|
| 546 |
|
|
|a Text in Latin with introduction in Spanish.
|
| 588 |
0 |
|
|a Online resource; title from PDF title page (Digitalia, viewed June 8, 2022)
|
| 610 |
2 |
0 |
|a Catholic Church.
|t Codex Juris Canonici (1983)
|
| 650 |
|
0 |
|a Canon law
|x Language.
|
| 650 |
|
0 |
|a Latin language
|x Law Latin.
|
| 655 |
|
0 |
|a Electronic books.
|
| 791 |
2 |
|
|a Digitalia (Firm),
|e distributor.
|
| 793 |
0 |
|
|g Digitalia eBook Collection:
|a Ediciones Universidad de Navarra
|
| 776 |
0 |
8 |
|i Print version:
|a Bañales Leoz, Jesús María.
|t Lengua latina del código de derecho canónico.
|b Segunda edición.
|d Pamplona, España : EUNSA, Ediciones Universidad de Navarra, [2015]
|z 9788431330972
|
| 830 |
|
0 |
|a Tratados y manuales (Ediciones Universidad de Navarra, S.A.)
|
| 856 |
4 |
0 |
|3 Digitalia Hispánica
|u https://www.digitaliapublishing.com/a/51290/
|
| 910 |
|
|
|a Premium collection: 2022
|